| 000 | 00623nam a22002177a 4500 | ||
|---|---|---|---|
| 999 |
_c170054 _d170054 |
||
| 005 | 20191210150349.0 | ||
| 010 | _aB-083173 | ||
| 020 | _c330.00 | ||
| 035 | _aB-083173 | ||
| 037 | _bdpl | ||
| 082 | _a340.0954 | ||
| 100 | _aJain,M.P. | ||
| 245 |
_aOutlines Of Indian Legal History _bby M.P. Jain |
||
| 250 | _aFifth | ||
| 260 |
_aNew Delhi _bWin Offset printers _c2004 |
||
| 270 |
_aB-193, Okhla Industrial Area, Phase-1 _bNew Delhi _e110020 |
||
| 300 |
_axxix,728p. _c24cm (Hb.) |
||
| 500 | _aFifth Edition Reprinted | ||
| 942 |
_2ddc _cEN _e2004 _h340.0954 _kJAI |
||